Việt Nam trong quá khứ: Tư liệu và nghiên cứu
Сохранить в:
| Главный автор: | |
|---|---|
| Формат: | |
| Язык: | Undetermined |
| Опубликовано: |
Hà Nội
Chính trị Quốc gia
2013
|
| Предметы: | |
| Метки: |
Добавить метку
Нет меток, Требуется 1-ая метка записи!
|
| Thư viện lưu trữ: | Trung tâm Học liệu Trường Đại học Cần Thơ |
|---|
| LEADER | 00603nam a2200205Ia 4500 | ||
|---|---|---|---|
| 001 | CTU_194789 | ||
| 008 | 210402s9999 xx 000 0 und d | ||
| 020 | |c 94000 | ||
| 082 | |a 959.7 | ||
| 082 | |b D513 | ||
| 100 | |a Nguyễn, Mạnh Dũng | ||
| 245 | 0 | |a Việt Nam trong quá khứ: | |
| 245 | 0 | |b Tư liệu và nghiên cứu | |
| 245 | 0 | |c Nguyễn Mạnh Dũng | |
| 260 | |a Hà Nội | ||
| 260 | |b Chính trị Quốc gia | ||
| 260 | |c 2013 | ||
| 650 | |a Vietnam,Việt Nam | ||
| 650 | |x History,Lịch sử | ||
| 980 | |a Trung tâm Học liệu Trường Đại học Cần Thơ | ||